000 00851cam a2200241 a 4500
003 CO-ViMGA
008 150604s2014 ck r 000 j spa d
020 _a958424227X
020 _a9789584242273
040 _aCO-ViMGA
_bspa
_cCO-ViMGA
043 _as-ck---
090 _aC MEN22
100 1 _aMendoza García, Plinio Apuleyo
_d1932-
_913577
245 1 3 _aEl día que enterramos las armas /
_cPlinio Apuleyo Mendoza
250 _aPrimera edición.
260 _aBogotá
_bEditorial Planeta Colombiana
_c2014.
300 _a168 páginas
_c23 cm
505 _aEl desertor / El día que enterramos las armas / De nuevo los pinos / Espejismo / París la Nuit / Primer día / En esta hora de la noche
650 1 4 _aCuentos colombianos
_931
650 2 4 _aArmas
_vCuentos
_zColombia
_913578
650 2 4 _aLiteratura colombiana
_9589
942 _2ddc
_cBK
999 _c11877
_d11877